000
00342nam a2200145Ia 4500
008
150301s2011 xx 000 0 und d
082
_a
152
_b
P11B
100
_a
BALACHANDRA ARUNA
245
_a
PSYCHOLOGY AND MENTAL HYGIENE
250
_a
1ST
260
_b
AP. JAIN & COMP.
_c
2011
300
_a
360
650
_a
PSYCHOLOGY
942
_2
ddc
_c
BK
999
_c
6764
_d
6764